00501nam a2200193 a 4500001001300000003000900013005001700022008004100039020002300080082002000103100001900123245002400142260004900166300000900215500003500224505001000259650001900269700001900288nice12345678IN_TiNIC20260116013745.0050524s1992 alba grp 000 0 eng  a0791487 c10000a305.480297bZUH aZuhur, Sherifa aRevealing Reveiling aAlbany bState University of New York c1992 a207p aincludes index and biblioraphy2 aIndex aWomen in Islam1 aZuhur, Sherifa